00733nam a2200193Ia 4500952015000000999001500150003000400165005001700169008004100186020001800227040000900245082002200254100002200276245010200298260004300400300000900443650003700452942005000489 00102ddc40708FINANCIAL ECONOMICSaMESbMEScECO d2019-02-20g1700.00l0o332.120954 SUR/Cp38004r2019-02-20 00:00:00w2019-02-20yBKzGL6R1 c8062d8062OSt20200514110952.0190216s9999||||xx |||||||||||||| ||und|| a9788184840995 coclc a332.120954bSUR/C aSuri, Jyoti91142 0aCommercial banks in India : bx-efficiency and total factor productivity growth /cDr. Jyoti Suri bRegal Publications,c2011.aNew Delhi: a441p 0aSocial sciencesvEconomics91086 cBK2ddch332.120954iSUR/Ck332.120954mSUR/C